Classement Ligue 1 2024/2025 - Statistiques

Statistiques générales
  • Ce quiz a été pris 200 fois
  • Le résultat moyen est 16 sur 18
Statistiques - réponses
Classement Equipe Victoire Nul Défaite Points % Correct
2 Olympique de Marseille 20 5 9 65
100%
1 Paris Saint-Germain 26 6 2 84
100%
6 Olympique Lyonnais 17 6 11 57
99%
5 LOSC Lille 17 9 8 60
96%
3 AS Monaco 18 7 9 61
95%
7 RC Strasbourg 16 9 9 57
94%
8 RC Lens 15 7 12 52
92%
12 Stade Rennais FC 13 2 19 41
92%
13 FC Nantes 8 12 14 36
90%
4 OGC Nice 17 9 8 60
90%
17 AS Saint-Etienne 8 6 20 30
87%
18 Montpellier HSC 4 4 26 16
86%
10 Toulouse FC 11 9 14 42
85%
9 Stade Brestois 29 15 5 14 50
81%
14 Angers SCO 10 6 18 36
77%
16 Stade de Reims 8 9 17 33
77%
15 Le Havre AC 10 4 20 34
72%
11 AJ Auxerre 11 9 14 42
71%
Aucun quiz correspondant
Distribution des résultats
% des personnes avec chaque résultat
Percentile par nombre de réponses
Votre historique - résultats
Vous n’avez pas pris ce quiz